• 首页
  • 本馆介绍
  • 公告通知
  • 最新文献
  • 馆藏检索
  • 电子资源
  • 读者导购
  • 参考咨询
  • 我的图书馆
  • 登录
  • 详细信息显示
  • 放入我的书架
  • 预约/预借图书
  • 作者相关作品
  • 分类相关作品
  • 丛书相关作品
  • 出版社相关作品

书目信息

  • 表格格式
  • 工作单格式
  • 卡片格式
题名:
设备安装材料手册
    
 
作者: ;北京市设备安装工程公司 编
分册:  
出版信息: 北京   中国建筑工业出版社  
页数: 493页
开本: 20cm
丛书名:
单 册:
中图分类: TU758-62
科图分类:
主题词: 建筑工程--各种
电子资源:
ISBN:
000 00675nam0 2200205 450
001 0657493468
005 20060909160253.90
010    @dCNY0.96
091    @a15040.3102
100    @a20060909d km y0chiy0120 ea
101 0  @achi
102    @aCN@b110000
200 1  @a设备安装材料手册@Ashe bei an zhuang cai liao shou ce@f北京市设备安装工程公司 编@Fbei jing shi she bei an zhuang gong cheng gong si bian
210    @a北京@c中国建筑工业出版社
215    @a493页@d20cm
606 0  @a建筑工程@x各种
690    @aTU758-62@v3
711  0 @a北京市设备安装工程公司@Abei jing shi she bei an zhuang gong cheng gong si@4编
801  0 @aCN@bPFT@c20060909
905    @a10447@dTU758-62@e308
    
    设备安装材料手册/北京市设备安装工程公司 编.-北京:中国建筑工业出版社
    493页;20cm
    
    
    ISBN :CNY0.96
    
●
相关链接 在E读中查询图书 在五车中查询图书 在当当中查询图书 在豆瓣中查询图书


正题名:设备安装材料手册     索取号:TU758-62/308         预约/预借

序号 登录号 条形码 馆藏地/架位号 状态 备注
1 0470488   204704882   密集书库/ [索取号:TU758-62/308] 在馆    
唐山师范学院图书馆 欢迎您!
大连网信软件有限公司© 版权所有